000 00570nam a2200181Ia 4500
008 090124s9999 xx 000 0 und d
082 _b123561
100 _aमंगेशकर गीता
245 _a सुडात रुजली प्रीती
250 _a1
260 _c1989
300 _a172
600 _aमंगेशकर गीता
630 _a सुडात रुजली प्रीती
700 _aमंगेशकर गीता
730 _a सुडात रुजली प्रीती
942 _cBOOK
999 _c169648
_d169648